[Event "Oberliga Ost B 2017 2018"]
[Site "Germany"]
[Date "2017.11.12"]
[Round "3.1"]
[White "Brueggemann, Ludger"]
[Black "Matviishen, Viktor"]
[Result "0-1"]
[WhiteElo "2285"]
[BlackElo "2433"]
[PlyCount "56"]
[EventDate "2017.10.22"]
[EventType "team-tourn"]
[EventCountry "GER"]
[WhiteTeam "Frankfurter TV"]
[BlackTeam "Kasseler SK"]
[WhiteTeamCountry "GER"]
[BlackTeamCountry "GER"]

1. e4 e5 2. f4 d5 3. exd5 exf4 4. Nf3 Bd6 5. Bb5+ Bd7 6. Bxd7+ Nxd7 7. O-O Ne7
8. c4 c6 9. dxc6 bxc6 10. d4 O-O 11. Qc2 Nf6 12. Nc3 Bc7 13. Ne2 Ng6 14. Qf5
Qd6 15. g3 fxg3 16. Nxg3 h6 17. Be3 Rae8 18. Rae1 Re6 19. Qh3 Rfe8 20. Nf5 Qd7
21. Qg2 Re4 22. Ne5 Bxe5 23. dxe5 R8xe5 24. Qf3 Ng4 25. h3 Nxe3 26. Rxe3 Rxe3
27. Nxe3 Qd4 28. Re1 Nf4 0-1

[Event "Oberliga Ost B 2017 2018"]
[Site "Germany"]
[Date "2017.11.12"]
[Round "3.2"]
[White "Frolov, Artur"]
[Black "Telljohann, Sven"]
[Result "1/2-1/2"]
[WhiteElo "2403"]
[BlackElo "2391"]
[PlyCount "96"]
[EventDate "2017.10.22"]
[EventType "team-tourn"]
[EventCountry "GER"]
[WhiteTeam "Kasseler SK"]
[BlackTeam "Frankfurter TV"]
[WhiteTeamCountry "GER"]
[BlackTeamCountry "GER"]

1. e4 d5 2. exd5 Qxd5 3. Nc3 Qd6 4. d4 c6 5. Nf3 Nf6 6. Bg5 Bg4 7. Be2 Nbd7 8.
Qd2 e6 9. a3 Qc7 10. Bf4 Bd6 11. Bxd6 Qxd6 12. h3 Bxf3 13. Bxf3 Rd8 14. Rd1 O-O
15. O-O Nb6 16. Qe2 Qc7 17. Ne4 Nxe4 18. Bxe4 Nd5 19. g3 Rd6 20. Rfe1 Rfd8 21.
c3 Nf6 22. Bc2 Nd5 23. h4 Nf6 24. Rd3 c5 25. dxc5 Rxd3 26. Bxd3 Qxc5 27. Rd1 g6
28. Bc2 Rxd1+ 29. Qxd1 Kg7 30. Qd2 h6 31. Bd1 Ne4 32. Qf4 Qd6 33. Qxe4 Qxd1+
34. Kg2 Qd7 35. c4 Qc6 36. Qxc6 bxc6 37. Kf3 f5 38. Ke3 e5 39. c5 Kf6 40. Kd3
Ke6 41. Kc4 Kd7 42. b4 a6 43. a4 Kc7 44. b5 a5 45. h5 gxh5 46. b6+ Kb7 47. Kd3
h4 48. gxh4 h5 1/2-1/2

[Event "Oberliga Ost B 2017 2018"]
[Site "Germany"]
[Date "2017.11.12"]
[Round "3.4"]
[White "Hahn, Markus"]
[Black "Neininger, Ralph"]
[Result "1/2-1/2"]
[WhiteElo "2281"]
[BlackElo "2064"]
[PlyCount "120"]
[EventDate "2017.10.22"]
[EventType "team-tourn"]
[EventCountry "GER"]
[WhiteTeam "Kasseler SK"]
[BlackTeam "Frankfurter TV"]
[WhiteTeamCountry "GER"]
[BlackTeamCountry "GER"]

1. d4 d5 2. Nf3 Nf6 3. g3 c5 4. Bg2 Nc6 5. O-O cxd4 6. Nxd4 e6 7. c4 Bc5 8. Nb3
Be7 9. cxd5 Nxd5 10. Nc3 Nxc3 11. Qxd8+ Nxd8 12. bxc3 e5 13. Be3 Bg4 14. Na5
Rc8 15. Nxb7 O-O 16. Nxd8 Rfxd8 17. Bxa7 Rxc3 18. a4 Bxe2 19. Rfe1 Bf3 20. Rxe5
Bf6 21. Ree1 Bxg2 22. Kxg2 Ra8 23. Rab1 Ra3 24. Rb8+ Rxb8 25. Bxb8 h6 26. Re4
Ra2 27. Kf3 Ra3+ 28. Kg4 Ra2 29. Ba7 Bc3 30. Kf4 Kh7 31. Ke3 Be1 32. Kd3 Bxf2
33. Bxf2 Rxf2 34. Re2 Rf3+ 35. Kc4 Ra3 36. Kb5 Rb3+ 37. Kc4 Ra3 38. Kb4 Ra1 39.
Rb2 f5 40. a5 g5 41. Kb5 f4 42. a6 f3 43. Kb6 Kg6 44. g4 h5 45. h3 hxg4 46.
hxg4 f2 47. Rxf2 Rb1+ 48. Kc7 Ra1 49. Kb7 Rb1+ 50. Ka8 Rb4 51. a7 Rxg4 52. Rb2
Ra4 53. Kb7 Kf5 54. Rb6 Rxa7+ 55. Kxa7 g4 56. Rb8 g3 57. Kb6 Ke4 58. Kc5 g2 59.
Rg8 Kf3 60. Rxg2 Kxg2 1/2-1/2

[Event "Oberliga Ost B 2017 2018"]
[Site "Germany"]
[Date "2017.11.12"]
[Round "3.5"]
[White "Medvedovski, Michael"]
[Black "Dovzik, Juri"]
[Result "1/2-1/2"]
[WhiteElo "2034"]
[BlackElo "2304"]
[PlyCount "115"]
[EventDate "2017.10.22"]
[EventType "team-tourn"]
[EventCountry "GER"]
[WhiteTeam "Frankfurter TV"]
[BlackTeam "Kasseler SK"]
[WhiteTeamCountry "GER"]
[BlackTeamCountry "GER"]

1. e4 c5 2. Nf3 e6 3. Nc3 Nc6 4. d4 cxd4 5. Nxd4 Qc7 6. Be2 a6 7. Be3 Nf6 8. a3
Be7 9. O-O O-O 10. f4 d6 11. Qe1 Nxd4 12. Bxd4 b5 13. Kh1 Bb7 14. Qg3 Rad8 15.
Rae1 Rd7 16. Bd3 Re8 17. e5 dxe5 18. Bxe5 Qd8 19. Ne4 Nh5 20. Qh3 g6 21. Re3 f5
22. Nd2 Nf6 23. Re2 Ng4 24. Nf3 Bc5 25. Qg3 Bxf3 26. gxf3 Nxe5 27. fxe5 Rd4 28.
f4 Qd7 29. Qf3 Rb8 30. Rd1 Qb7 31. Qxb7 Rxb7 32. Rf1 a5 33. Rf3 b4 34. a4 b3
35. Kg2 Rxa4 36. cxb3 Rxb3 37. Bc4 Rb6 38. b3 Ra1 39. Rd2 a4 40. Rd8+ Bf8 41.
Ra8 Ra2+ 42. Kg3 axb3 43. Rxa2 bxa2 44. Bxa2 Be7 45. Rb3 Ra6 46. Rb8+ Kf7 47.
Bc4 Rc6 48. Be2 h6 49. Rb7 Rc8 50. Bd1 g5 51. Bh5+ Kf8 52. fxg5 hxg5 53. Rb6
Rc3+ 54. Kg2 Rc2+ 55. Kg3 Rc3+ 56. Kg2 Rc2+ 57. Kg3 Rc3+ 58. Kg2 1/2-1/2

[Event "Oberliga Ost B 2017 2018"]
[Site "Germany"]
[Date "2017.11.12"]
[Round "3.6"]
[White "Bunda, Viktor"]
[Black "Krzesinski, Paul"]
[Result "1/2-1/2"]
[WhiteElo "2305"]
[BlackElo "2087"]
[PlyCount "119"]
[EventDate "2017.10.22"]
[EventType "team-tourn"]
[EventCountry "GER"]
[WhiteTeam "Kasseler SK"]
[BlackTeam "Frankfurter TV"]
[WhiteTeamCountry "GER"]
[BlackTeamCountry "GER"]

1. d4 d5 2. c4 c6 3. Nf3 Nf6 4. e3 e6 5. Nc3 Nbd7 6. Qc2 a6 7. b3 Qa5 8. Bd2
Qc7 9. Bd3 Be7 10. O-O O-O 11. e4 dxe4 12. Nxe4 Nxe4 13. Bxe4 g6 14. Rfe1 Bf6
15. Bc3 b6 16. Rad1 Bb7 17. c5 Bg7 18. b4 b5 19. Ne5 Nf6 20. Bf3 Rae8 21. g3
Nd5 22. Bd2 f6 23. Nd3 g5 24. Bh5 Re7 25. Re2 Bc8 26. Rde1 Bd7 27. Kh1 Qc8 28.
f4 h6 29. fxg5 hxg5 30. Nf2 e5 31. dxe5 Rxe5 32. Rxe5 fxe5 33. Ne4 g4 34. Nd6
Qd8 35. Qg6 Qf6 36. Qxf6 Rxf6 37. Kg2 Rf8 38. Bg6 Be6 39. Be4 Rd8 40. Bg5 Rd7
41. a3 Bf8 42. Bxd5 Bxd5+ 43. Ne4 Rg7 44. Bc1 Rf7 45. Kg1 Bg7 46. Nf2 Bf3 47.
Bd2 Rd7 48. Bc3 e4 49. Nxe4 Bxc3 50. Nxc3 Rd3 51. Nb1 Kf7 52. Kf2 Kf6 53. Re3
Rd1 54. Nc3 Rd2+ 55. Ne2 Kf5 56. Ke1 Rd8 57. h4 Kf6 58. Nc3 Kf5 59. Ne2 Kf6 60.
Nc3 1/2-1/2

[Event "Oberliga Ost B 2017 2018"]
[Site "Germany"]
[Date "2017.11.12"]
[Round "3.7"]
[White "Schmidt, Max"]
[Black "Kersten, Uwe"]
[Result "0-1"]
[WhiteElo "1992"]
[BlackElo "2245"]
[PlyCount "82"]
[EventDate "2017.10.22"]
[EventType "team-tourn"]
[EventCountry "GER"]
[WhiteTeam "Frankfurter TV"]
[BlackTeam "Kasseler SK"]
[WhiteTeamCountry "GER"]
[BlackTeamCountry "GER"]

1. e4 c5 2. Nf3 d6 3. Bb5+ Nc6 4. O-O Bd7 5. Re1 Nf6 6. c3 a6 7. Bf1 Bg4 8. h3
Bh5 9. d4 Bxf3 10. gxf3 cxd4 11. cxd4 e5 12. d5 Nb8 13. f4 Be7 14. fxe5 dxe5
15. Nc3 O-O 16. Re3 Bd6 17. Rg3 Kh8 18. Bd3 Nbd7 19. Bd2 Rc8 20. Qe2 g6 21. Bg5
Qe8 22. Qd2 Nh5 23. Rg2 Nf4 24. Bxf4 exf4 25. f3 Qe5 26. Bf1 Bb4 27. Rc1 Bc5+
28. Kh2 Be3 29. Qd1 Bxc1 30. Qxc1 Rc5 31. Rg4 Nf6 32. Rg1 Rfc8 33. Qb1 b5 34.
a3 Nh5 35. Rg2 Ng3 36. Bd3 Qd4 37. Qd1 Rxc3 38. bxc3 Rxc3 39. Bc2 Qxd1 40. Bxd1
Rd3 41. Rg1 Rd2+ 0-1

[Event "Oberliga Ost B 2017 2018"]
[Site "Germany"]
[Date "2017.11.12"]
[Round "3.8"]
[White "Cherny, Andrey"]
[Black "Casagrande, Thomas"]
[Result "1-0"]
[WhiteElo "2179"]
[BlackElo "1951"]
[PlyCount "81"]
[EventDate "2017.10.22"]
[EventType "team-tourn"]
[EventCountry "GER"]
[WhiteTeam "Kasseler SK"]
[BlackTeam "Frankfurter TV"]
[WhiteTeamCountry "GER"]
[BlackTeamCountry "GER"]

1. d4 d5 2. Bf4 c6 3. e3 Qb6 4. Qc1 Nf6 5. h3 Bf5 6. Nf3 e6 7. Be2 h6 8. O-O
Nbd7 9. c4 dxc4 10. Nbd2 Ne4 11. Nxe4 Bxe4 12. Nd2 Nf6 13. Be5 Bd3 14. Nxc4
Bxc4 15. Qxc4 Be7 16. Rfc1 O-O 17. Rab1 a5 18. Rc3 Ne4 19. Rb3 Qa7 20. Qc2 a4
21. Rd3 Rfd8 22. Rdd1 Nf6 23. Rbc1 a3 24. b3 Nd5 25. Qe4 f5 26. Qf3 Bd6 27. e4
Bxe5 28. exd5 Bxd4 29. dxe6 Re8 30. Bd3 g6 31. g4 Re7 32. gxf5 Rf8 33. Kh1 g5
34. Rc2 Rf6 35. Qg3 Bb6 36. Qe5 Kg7 37. Qd6 Kf8 38. Qe5 Kg7 39. Rg1 Bxf2 40.
Qd6 b5 41. Rxf2 1-0

[Event "Oberliga Ost B 2017 2018"]
[Site "Germany"]
[Date "2017.11.12"]
[Round "3.1"]
[White "Henrich, Thomas"]
[Black "Mueller, Maximilian"]
[Result "1-0"]
[WhiteElo "2310"]
[BlackElo "2313"]
[PlyCount "85"]
[EventDate "2017.10.22"]
[EventType "team-tourn"]
[EventCountry "GER"]
[WhiteTeam "Marburg SK"]
[BlackTeam "Gernsheim SK"]
[WhiteTeamCountry "GER"]
[BlackTeamCountry "GER"]

1. e4 c5 2. Nf3 d6 3. d4 cxd4 4. Nxd4 Nf6 5. Nc3 e5 6. Bb5+ Bd7 7. Bxd7+ Qxd7
8. Nf3 Qc6 9. Qe2 h6 10. O-O Nbd7 11. Bd2 Be7 12. Nh4 g6 13. g3 O-O-O 14. a4 d5
15. exd5 Nxd5 16. Nb5 Kb8 17. Nf3 f6 18. c4 N5b6 19. b3 h5 20. Rfe1 g5 21. a5
Nc8 22. b4 Qe6 23. a6 Ndb6 24. axb7 Kxb7 25. c5 Nc4 26. Rec1 Qc6 27. Qxc4 g4
28. Nfd4 exd4 29. Nxd4 Rxd4 30. Qxd4 Rd8 31. Qe3 a6 32. Rc2 h4 33. gxh4 f5 34.
Rca2 Qd5 35. Bc3 f4 36. Qe2 Bxh4 37. Qxa6+ Kc7 38. Qa5+ Kb8 39. Qb5+ Kc7 40.
Ra7+ Nxa7 41. Rxa7+ Kc8 42. Qa6+ Kb8 43. Be5+ 1-0

[Event "Oberliga Ost B 2017 2018"]
[Site "Germany"]
[Date "2017.11.12"]
[Round "3.3"]
[White "Alber, Horst"]
[Black "Peterson, Emery"]
[Result "1/2-1/2"]
[WhiteElo "2296"]
[BlackElo "2165"]
[PlyCount "61"]
[EventDate "2017.10.22"]
[EventType "team-tourn"]
[EventCountry "GER"]
[WhiteTeam "Marburg SK"]
[BlackTeam "Gernsheim SK"]
[WhiteTeamCountry "GER"]
[BlackTeamCountry "GER"]

1. d4 e6 2. g3 d5 3. Bg2 f5 4. Nf3 Nf6 5. O-O Bd6 6. c4 c6 7. Qc2 O-O 8. Nc3
Ne4 9. b3 b6 10. Bb2 Bb7 11. e3 Nd7 12. Rad1 Rc8 13. Ne2 Qe7 14. Nf4 Rfd8 15.
Ne5 g6 16. Nxd7 Rxd7 17. f3 Nf6 18. Nd3 Rdd8 19. Qc3 Rf8 20. Kh1 Nh5 21. Qe1
Rce8 22. Kg1 Ba6 23. Rc1 Qg5 24. f4 Qe7 25. Rf2 Rc8 26. Rfc2 Nf6 27. Ne5 Bxe5
28. dxe5 Ne4 29. cxd5 cxd5 30. Rxc8 Rxc8 31. Rxc8+ 1/2-1/2

[Event "Oberliga Ost B 2017 2018"]
[Site "Germany"]
[Date "2017.11.12"]
[Round "3.4"]
[White "Hebbering, Tom Elliot"]
[Black "Dorst, Johannes"]
[Result "0-1"]
[WhiteElo "2181"]
[BlackElo "2207"]
[PlyCount "164"]
[EventDate "2017.10.22"]
[EventType "team-tourn"]
[EventCountry "GER"]
[WhiteTeam "Gernsheim SK"]
[BlackTeam "Marburg SK"]
[WhiteTeamCountry "GER"]
[BlackTeamCountry "GER"]

1. d4 Nf6 2. c4 c5 3. d5 b5 4. cxb5 a6 5. bxa6 g6 6. Nc3 Bg7 7. e4 O-O 8. Nf3
Qa5 9. Bd2 Bxa6 10. Be2 d6 11. O-O Nbd7 12. Bxa6 Qxa6 13. Qc2 Rfb8 14. h3 Rb7
15. Rfe1 c4 16. Be3 Qa5 17. Rab1 Nc5 18. Nd4 Nd3 19. Red1 Qa6 20. Qd2 Nd7 21.
Nc6 N7e5 22. Nxe5 Bxe5 23. b3 cxb3 24. Rxb3 Rxb3 25. axb3 Nc5 26. Bxc5 dxc5 27.
Ne2 c4 28. f4 Bd6 29. bxc4 Qxc4 30. Qd3 Qc5+ 31. Qd4 Qxd4+ 32. Nxd4 Bxf4 33.
Nf3 f6 34. Re1 Bg3 35. Rd1 Ra4 36. Nd4 Kf7 37. Kf1 Be5 38. Nc6 Rxe4 39. Nxe5+
fxe5 40. d6 exd6 41. Rxd6 h5 42. Ra6 Rf4+ 43. Ke2 Rf6 44. Ra4 Rd6 45. Ke3 Kf6
46. Ra8 Rb6 47. Rf8+ Kg5 48. g3 Rb3+ 49. Kf2 h4 50. gxh4+ Kxh4 51. Rh8+ Kg5 52.
Ke2 Kf5 53. Kf2 g5 54. h4 Rb2+ 55. Ke3 Rb3+ 56. Kf2 g4 57. Rf8+ Ke4 58. Rg8
Rf3+ 59. Ke2 Kf4 60. h5 Kg3 61. h6 Rf2+ 62. Ke3 Rh2 63. Rg6 Rh5 64. Ke2 Rh4 65.
Ke3 Rh1 66. Ke4 Rh5 67. Ke3 Kh3 68. Kf2 Rh4 69. Rg5 Rxh6 70. Rxe5 Kh2 71. Rg5
Rf6+ 72. Ke2 g3 73. Rg8 Kg2 74. Rg7 Re6+ 75. Kd2 Kf2 76. Rf7+ Kg1 77. Rg7 g2
78. Rg8 Re5 79. Rg7 Kf2 80. Rf7+ Kg3 81. Rg7+ Kf3 82. Kd1 Re4 0-1

[Event "Oberliga Ost B 2017 2018"]
[Site "Germany"]
[Date "2017.11.12"]
[Round "3.5"]
[White "Rolle, Eric"]
[Black "Nies, Peter"]
[Result "1/2-1/2"]
[WhiteElo "2196"]
[BlackElo "2087"]
[PlyCount "59"]
[EventDate "2017.10.22"]
[EventType "team-tourn"]
[EventCountry "GER"]
[WhiteTeam "Marburg SK"]
[BlackTeam "Gernsheim SK"]
[WhiteTeamCountry "GER"]
[BlackTeamCountry "GER"]

1. Nf3 Nf6 2. c4 e6 3. g3 b6 4. Bg2 Bb7 5. O-O Be7 6. d4 O-O 7. Nc3 d5 8. Ne5
Nbd7 9. Qa4 Nxe5 10. dxe5 Ne4 11. Rd1 Nxc3 12. bxc3 c6 13. cxd5 cxd5 14. c4 Qc7
15. Bb2 Rfd8 16. cxd5 Bxd5 17. Bxd5 Rxd5 18. Rxd5 exd5 19. e6 fxe6 20. Qg4 Bc5
21. Qxe6+ Qf7 22. Qxf7+ Kxf7 23. Rd1 Rd8 24. Rd3 g6 25. Rf3+ Ke6 26. Rf6+ Ke7
27. Rf4 Ke6 28. e3 Rc8 29. Ra4 Rc7 30. Kg2 1/2-1/2

[Event "Oberliga Ost B 2017 2018"]
[Site "Germany"]
[Date "2017.11.12"]
[Round "3.6"]
[White "Rolf, Marco"]
[Black "Duncker, Joachim"]
[Result "0-1"]
[WhiteElo "2082"]
[BlackElo "2243"]
[PlyCount "42"]
[EventDate "2017.10.22"]
[EventType "team-tourn"]
[EventCountry "GER"]
[WhiteTeam "Gernsheim SK"]
[BlackTeam "Marburg SK"]
[WhiteTeamCountry "GER"]
[BlackTeamCountry "GER"]

1. d4 Nf6 2. c4 g6 3. Nc3 Bg7 4. e4 d6 5. Be2 O-O 6. Be3 e5 7. d5 a5 8. g4 Na6
9. h4 Nc5 10. Bf3 Nfd7 11. h5 Nb6 12. b3 Bd7 13. Qd2 Qe7 14. Nh3 a4 15. Bh6
axb3 16. Bxg7 Kxg7 17. hxg6 hxg6 18. Ng5 Rh8 19. Nh7 Rxh7 20. Rxh7+ Kxh7 21.
O-O-O g5 0-1

[Event "Oberliga Ost B 2017 2018"]
[Site "Germany"]
[Date "2017.11.12"]
[Round "3.7"]
[White "Foermes, Alexander"]
[Black "Mao, Kevin"]
[Result "1/2-1/2"]
[WhiteElo "2066"]
[BlackElo "2004"]
[PlyCount "29"]
[EventDate "2017.10.22"]
[EventType "team-tourn"]
[EventCountry "GER"]
[WhiteTeam "Marburg SK"]
[BlackTeam "Gernsheim SK"]
[WhiteTeamCountry "GER"]
[BlackTeamCountry "GER"]

1. c4 e5 2. g3 Nc6 3. Nc3 f5 4. Nf3 Nf6 5. d4 e4 6. Nh4 d5 7. cxd5 Nxd5 8. e3
g6 9. Bd2 Be6 10. Be2 Bg7 11. Ng2 Nce7 12. O-O O-O 13. f3 exf3 14. Bxf3 Rc8 15.
Na4 1/2-1/2

[Event "Oberliga Ost B 2017 2018"]
[Site "Germany"]
[Date "2017.11.12"]
[Round "3.8"]
[White "Schupp, Uwe"]
[Black "Lehmann, Stefan"]
[Result "0-1"]
[WhiteElo "2128"]
[BlackElo "1990"]
[PlyCount "100"]
[EventDate "2017.10.22"]
[EventType "team-tourn"]
[EventCountry "GER"]
[WhiteTeam "Gernsheim SK"]
[BlackTeam "Marburg SK"]
[WhiteTeamCountry "GER"]
[BlackTeamCountry "GER"]

1. g3 d5 2. Bg2 Nf6 3. Nf3 e6 4. c4 Nbd7 5. b3 Be7 6. O-O O-O 7. Bb2 b6 8. e3
Bb7 9. Qe2 c5 10. Nc3 Re8 11. Rfd1 Rc8 12. Rac1 Qc7 13. cxd5 Nxd5 14. Nxd5 Bxd5
15. e4 Bc6 16. d4 Qb7 17. Re1 Qa8 18. h4 a5 19. Ng5 h6 20. Nxf7 Kxf7 21. d5
exd5 22. exd5 Bf6 23. Qf3 Bb7 24. Qf5 Kg8 25. Bxf6 Nxf6 26. Re6 Rxe6 27. Qxe6+
Kh8 28. Rd1 b5 29. Bh3 Rd8 30. d6 Bc8 31. d7 Bxd7 32. Qd6 Qc8 33. Bf5 Bxf5 34.
Qxd8+ Qxd8 35. Rxd8+ Kh7 36. Ra8 a4 37. bxa4 b4 38. Kf1 Be6 39. a5 Bxa2 40. a6
Bd5 41. Rc8 Bc4+ 42. Ke1 Bxa6 43. Rxc5 Bd3 44. Kd1 b3 45. Kc1 Ne4 46. Rf5 Nxg3
47. Rd5 Ne2+ 48. Kd2 b2 49. Rxd3 b1=Q 50. Kxe2 Qb4 0-1

[Event "Oberliga Ost B 2017 2018"]
[Site "Germany"]
[Date "2017.11.12"]
[Round "3.3"]
[White "Michaelsen, Nils"]
[Black "Gottschalk, Jens"]
[Result "1-0"]
[WhiteElo "2401"]
[BlackElo "2268"]
[PlyCount "125"]
[EventDate "2017.10.22"]
[EventType "team-tourn"]
[EventCountry "GER"]
[WhiteTeam "Oberursel SV"]
[BlackTeam "Wiesbadener SV"]
[WhiteTeamCountry "GER"]
[BlackTeamCountry "GER"]

1. d4 Nf6 2. c4 c5 3. d5 b5 4. Nf3 g6 5. cxb5 a6 6. e3 axb5 7. Bxb5 Qa5+ 8. Nc3
Bb7 9. O-O Bg7 10. a4 O-O 11. e4 d6 12. Ra3 Na6 13. Nd2 Nc7 14. Nc4 Qa7 15. Be3
Ba6 16. e5 dxe5 17. d6 exd6 18. Qxd6 Ne6 19. Nxe5 Rfd8 20. Qxa6 Qxa6 21. Bxa6
Rxa6 22. f4 Nd5 23. Nxd5 Rxd5 24. Nc4 Nd4 25. Rf2 Nf5 26. g4 Rd1+ 27. Kg2 Nxe3+
28. Nxe3 Rd4 29. a5 Rb4 30. b3 Bd4 31. Kf3 f5 32. gxf5 Bxe3 33. Kxe3 gxf5 34.
Rd2 Rb5 35. Rd5 Raxa5 36. Rxa5 Rxa5 37. Kd3 Rb5 38. Kc3 Kf7 39. Rxf5+ Ke6 40.
Rh5 Kd6 41. Rxh7 Rb4 42. Rh6+ Kd5 43. Rh5+ Kd6 44. Rf5 Re4 45. h4 Re3+ 46. Kc4
Re4+ 47. Kd3 Rb4 48. Kc3 Re4 49. h5 Re3+ 50. Kc4 Re4+ 51. Kd3 Re1 52. Rf8 Rb1
53. Kc2 Rh1 54. Rh8 Ke6 55. h6 Kf7 56. Rc8 Rxh6 57. Rxc5 Ke7 58. b4 Rh4 59. Rc4
Rh5 60. Kd3 Kd6 61. Rd4+ Kc6 62. Ke4 Rh4 63. Ke5 1-0

[Event "Oberliga Ost B 2017 2018"]
[Site "Germany"]
[Date "2017.11.12"]
[Round "3.4"]
[White "Ress, Tamas"]
[Black "Heinz, Axel"]
[Result "1/2-1/2"]
[WhiteElo "2314"]
[BlackElo "2435"]
[PlyCount "25"]
[EventDate "2017.10.22"]
[EventType "team-tourn"]
[EventCountry "GER"]
[WhiteTeam "Wiesbadener SV"]
[BlackTeam "Oberursel SV"]
[WhiteTeamCountry "GER"]
[BlackTeamCountry "GER"]

1. d4 Nf6 2. c4 e6 3. Nf3 d5 4. g3 dxc4 5. Bg2 Bb4+ 6. Bd2 a5 7. O-O Nc6 8. Bg5
h6 9. Bxf6 Qxf6 10. a3 Bd6 11. Qa4 O-O 12. Qxc4 e5 13. d5 1/2-1/2

[Event "Oberliga Ost B 2017 2018"]
[Site "Germany"]
[Date "2017.11.12"]
[Round "3.5"]
[White "Schlamp, Robert"]
[Black "Minor, Samuel"]
[Result "1/2-1/2"]
[WhiteElo "2297"]
[BlackElo "2244"]
[PlyCount "37"]
[EventDate "2017.10.22"]
[EventType "team-tourn"]
[EventCountry "GER"]
[WhiteTeam "Oberursel SV"]
[BlackTeam "Wiesbadener SV"]
[WhiteTeamCountry "GER"]
[BlackTeamCountry "GER"]

1. e4 e6 2. d3 c5 3. Nf3 Nc6 4. g3 g6 5. Bg2 Bg7 6. O-O Nge7 7. c3 O-O 8. d4
cxd4 9. cxd4 d5 10. e5 Nf5 11. Nc3 f6 12. Re1 fxe5 13. dxe5 Nh6 14. Bf4 Nf7 15.
Qd2 Re8 16. h4 b6 17. Rac1 Bb7 18. Bh3 d4 19. Ne4 1/2-1/2

[Event "Oberliga Ost B 2017 2018"]
[Site "Germany"]
[Date "2017.11.12"]
[Round "3.7"]
[White "Weber, Samuel"]
[Black "Ungurean, Florin Ioan"]
[Result "1-0"]
[WhiteElo "2240"]
[BlackElo "1979"]
[PlyCount "87"]
[EventDate "2017.10.22"]
[EventType "team-tourn"]
[EventCountry "GER"]
[WhiteTeam "Oberursel SV"]
[BlackTeam "Wiesbadener SV"]
[WhiteTeamCountry "GER"]
[BlackTeamCountry "GER"]

1. e4 c5 2. Nf3 e6 3. d3 Nc6 4. g3 Nf6 5. Bg2 d5 6. Nbd2 dxe4 7. dxe4 Be7 8.
O-O O-O 9. c3 Qc7 10. Qe2 b6 11. Re1 a5 12. a4 Ba6 13. Nc4 e5 14. Bf1 Rfd8 15.
Bg5 Ne8 16. Bxe7 Qxe7 17. Qc2 Bxc4 18. Bxc4 Nd6 19. Bd5 Rac8 20. Qb3 Qa7 21.
Bxc6 c4 22. Qc2 Rxc6 23. Nxe5 Rc5 24. Nf3 Qa8 25. Nd4 Re5 26. f3 Rde8 27. Red1
Qc8 28. Qf2 Qc7 29. Rd2 Nb7 30. Nb5 Qc5 31. Rd4 f5 32. Re1 fxe4 33. Rexe4 Rxe4
34. fxe4 Rf8 35. Qe2 Kh8 36. Kg2 Qg5 37. Rxc4 Nc5 38. Nd4 Re8 39. b4 axb4 40.
cxb4 Nxa4 41. Qc2 b5 42. Rc8 Qe5 43. Qc6 Rg8 44. Qa8 1-0

[Event "Oberliga Ost B 2017 2018"]
[Site "Germany"]
[Date "2017.11.12"]
[Round "3.8"]
[White "Doehring, Joachim"]
[Black "Gries, Volker"]
[Result "1/2-1/2"]
[WhiteElo "2076"]
[BlackElo "2063"]
[PlyCount "38"]
[EventDate "2017.10.22"]
[EventType "team-tourn"]
[EventCountry "GER"]
[WhiteTeam "Wiesbadener SV"]
[BlackTeam "Oberursel SV"]
[WhiteTeamCountry "GER"]
[BlackTeamCountry "GER"]

1. Nf3 Nf6 2. c4 g6 3. b4 Bg7 4. Bb2 O-O 5. g3 d6 6. d4 e5 7. dxe5 Ng4 8. Bg2
Nxe5 9. Nxe5 Bxe5 10. Bxe5 dxe5 11. Nc3 c6 12. Qb3 Qe7 13. O-O Be6 14. Rfc1 Nd7
15. a4 Nb6 16. Ne4 Nxc4 17. Nc5 Nd6 18. Nxe6 Qxe6 19. Qxe6 fxe6 1/2-1/2

[Event "Oberliga Ost B 2017 2018"]
[Site "Germany"]
[Date "2017.11.12"]
[Round "3.1"]
[White "Kuznecovs, Nikita"]
[Black "Konopka, Michal"]
[Result "0-1"]
[WhiteElo "2130"]
[BlackElo "2391"]
[PlyCount "120"]
[EventDate "2017.10.22"]
[EventType "team-tourn"]
[EventCountry "GER"]
[WhiteTeam "Stadtilm SG BW"]
[BlackTeam "Schoeneck SF"]
[WhiteTeamCountry "GER"]
[BlackTeamCountry "GER"]

1. d4 Nf6 2. Bf4 g6 3. e3 Bg7 4. Nf3 O-O 5. Be2 d6 6. O-O Nbd7 7. h3 Qe8 8. c4
e5 9. Bh2 Qe7 10. Nc3 c6 11. b4 b6 12. c5 dxc5 13. bxc5 Ne8 14. Nxe5 Nxe5 15.
Bxe5 Bxe5 16. dxe5 Qxc5 17. Qd4 Qxd4 18. exd4 Bb7 19. Bf3 Rd8 20. Rfd1 Nc7 21.
Ne4 Nb5 22. d5 cxd5 23. Nf6+ Kg7 24. Nxd5 Rfe8 25. Nf6 Rxd1+ 26. Rxd1 Rxe5 27.
Nh5+ gxh5 28. Bxb7 Nc3 29. Rd7 Kf6 30. a3 Re7 31. Rd3 Rxb7 32. Rxc3 Ke5 33. Kf1
Kd4 34. Rc1 Kd3 35. g3 b5 36. Rc5 a5 37. Ke1 Kd4 38. Rc6 Kd5 39. Rc8 b4 40.
axb4 axb4 41. Kd2 f5 42. Rf8 b3 43. Kc1 b2+ 44. Kb1 Ke4 45. f3+ Kxf3 46. Rxf5+
Kxg3 47. Rxh5 Kf4 48. Ra5 Rb6 49. Rh5 h6 50. Ra5 Kg3 51. Ra3+ Kh4 52. Ra4+ Kxh3
53. Ra3+ Kg4 54. Ra4+ Kg5 55. Ra5+ Kg6 56. Rc5 h5 57. Rd5 Rb4 58. Rc5 h4 59.
Rc8 Kg5 60. Rg8+ Kf4 0-1

[Event "Oberliga Ost B 2017 2018"]
[Site "Germany"]
[Date "2017.11.12"]
[Round "3.2"]
[White "Heinatz, Thomas"]
[Black "Siebarth, Raiko"]
[Result "1-0"]
[WhiteElo "2276"]
[BlackElo "2288"]
[PlyCount "85"]
[EventDate "2017.10.22"]
[EventType "team-tourn"]
[EventCountry "GER"]
[WhiteTeam "Schoeneck SF"]
[BlackTeam "Stadtilm SG BW"]
[WhiteTeamCountry "GER"]
[BlackTeamCountry "GER"]

1. e4 c5 2. Nf3 d6 3. d4 cxd4 4. Nxd4 Nf6 5. Nc3 a6 6. Bc4 e6 7. Bb3 Nbd7 8.
Bg5 Nc5 9. f4 Be7 10. Qf3 Qc7 11. O-O-O b5 12. f5 b4 13. Na4 Nxb3+ 14. axb3 e5
15. Ne2 Bb7 16. Bxf6 Bxf6 17. Kb1 O-O 18. Ng3 Rac8 19. Rd2 Rfd8 20. Rhd1 Bg5
21. Re2 Bc6 22. Nh5 Bb5 23. Rf2 f6 24. g3 Qc6 25. h4 Bh6 26. g4 Bxa4 27. bxa4
Qxa4 28. Qb3+ Qxb3 29. cxb3 Kf7 30. Rg2 Be3 31. g5 fxg5 32. hxg5 Rc6 33. Rg3
Bf2 34. g6+ hxg6 35. fxg6+ Kg8 36. Rf3 Bb6 37. Rf7 Rc7 38. Rdf1 Rdc8 39. Nxg7
Rxf7 40. Rxf7 Rc7 41. Rxc7 Bxc7 42. Nf5 Bb6 43. Kc2 1-0

[Event "Oberliga Ost B 2017 2018"]
[Site "Germany"]
[Date "2017.11.12"]
[Round "3.3"]
[White "Schneider, Christian"]
[Black "Nazarenus, Moritz"]
[Result "1/2-1/2"]
[WhiteElo "2215"]
[BlackElo "2241"]
[PlyCount "104"]
[EventDate "2017.10.22"]
[EventType "team-tourn"]
[EventCountry "GER"]
[WhiteTeam "Stadtilm SG BW"]
[BlackTeam "Schoeneck SF"]
[WhiteTeamCountry "GER"]
[BlackTeamCountry "GER"]

1. e4 c6 2. Nc3 d5 3. d4 dxe4 4. Nxe4 Bf5 5. Ng3 Bg6 6. h4 h6 7. Nf3 Nf6 8. h5
Bh7 9. Bd3 Bxd3 10. Qxd3 e6 11. Bd2 Be7 12. O-O-O O-O 13. Kb1 c5 14. Ne4 cxd4
15. Nxd4 Qd5 16. Nc3 Qe5 17. f4 Qd6 18. Ne4 Qd5 19. Nc3 Qd6 20. Be3 Rd8 21. Qe2
Qa6 22. Qf3 Nc6 23. Nxc6 Qxc6 24. Qxc6 bxc6 25. Rxd8+ Bxd8 26. Bd4 Kf8 27. Bxf6
Bxf6 28. Ne4 Be7 29. Rd1 Rd8 30. Rxd8+ Bxd8 31. Kc1 Bc7 32. g3 Ke7 33. Kd2 g6
34. hxg6 fxg6 35. Ke3 e5 36. fxe5 Bxe5 37. b4 Ke6 38. c4 h5 39. Kf3 Kf5 40. Nf2
g5 41. g4+ hxg4+ 42. Nxg4 Bc3 43. b5 c5 44. a4 Bd2 45. Ke2 Ba5 46. Kf3 Bc3 47.
Nh6+ Ke5 48. Ke3 Bb4 49. Ng4+ Kf5 50. Nh6+ Kg6 51. Ng4 Kf5 52. Nh6+ Kg6 1/2-1/2